000 00474nam a2200181Ia 4500
001 8881
005 20260306160642.0
008 260306t2009||||xx |||||||||||||| ||spa||
041 _aESP
082 _a371.9
_bA41
100 _aDr. Alfaro Rosas, Miguel Ángel
_eAUT
245 0 _aLa ceguera y sus circunstancias:
_bApuntes de tiflología educacional
260 _c2009
300 _a208 páginas :
_c20 cm.
650 _aGEN
654 _aCED
942 _cLIB
_dJUS
_fJUS
_2ddc
_n
999 _c8881
_d8881